| 000 | 00414nam a22001697a 4500 | ||
|---|---|---|---|
| 003 | NUST - PNEC | ||
| 005 | 20170116181053.0 | ||
| 008 | 150930b xxu||||| |||| 00| 0 eng d | ||
| 020 | _a- | ||
| 040 | _cLIBRARY | ||
| 082 | _a624.17 TIM | ||
| 245 |
_aTheory of structures _cTimoshenko, Stephen |
||
| 250 | _a2nd ed. | ||
| 260 | _cc.1965 | ||
| 650 |
_911949 _aStructural analysis (Engineering) |
||
| 942 |
_2ddc _cBK |
||
| 999 |
_c68446 _d68446 |
||